Missionary strategies. (Record no. 798)

000 -LEADER
fixed length control field 00532nam a2200181 a 4500
001 - CONTROL NUMBER
control field :::00013954$&:&@@
003 - CONTROL NUMBER IDENTIFIER
control field OkBaRHE
005 - DATE AND TIME OF LATEST TRANSACTION
control field 20100324153706.0
008 - FIXED-LENGTH DATA ELEMENTS--GENERAL INFORMATION
fixed length control field j 000 0 eng u
040 ## - CATALOGING SOURCE
Transcribing agency
100 1# - MAIN ENTRY--PERSONAL NAME
Personal name Rhema Ministerial Association International.
245 10 - TITLE STATEMENT
Title Missionary strategies.
260 ## - PUBLICATION, DISTRIBUTION, ETC. (IMPRINT)
Place of publication, distribution, etc Rhema Bible Church,c1995.
300 ## - PHYSICAL DESCRIPTION
Extent 114 p. ;
Dimensions c27 cm.
650 ## - SUBJECT ADDED ENTRY--TOPICAL TERM
Topical term or geographic name as entry element Missions
942 ## - ADDED ENTRY ELEMENTS (KOHA)
Source of classification or shelving scheme
Koha item type Books
Copies
Date acquired Withdrawn status Date last seen Source of classification or shelving scheme Collection code Koha item type Permanent Location Current Location Shelving location Lost status Damaged status Not for loan Full call number Price effective from Copy number Barcode
2010-04-14 2010-04-14 ReferenceBooksRHEMA Bible Training College General Stacks   BV 2063 .R452010-04-14113954
2011-10-25 2011-10-25  BooksRHEMA Bible Training CollegeRHEMA Bible Training CollegeGeneral Stacks   BV 2063 .R452011-10-25222262